00276nam a2200085Ia 4500008004100000100002000041245003100061500007100092650002700163181011s9999 xx 000 0 und d aWilma S.Steward 0aHenry martyn and Serampore aThe Bulletin of Henry Martyn school of Islamic Studies April 1964 aHenry Martyn Institute